000
00292nam a22001217a 4500
020
_a
NA
082
_2
22
_a
621.3678
100
_a
Narayan, C. R. A.
245
_a
Remote sensing and its applications /
260
_a
India,
_b
University Press,
_c
c2001.
300
_a
0
_b
ill. ;
942
_2
ddc
_c
CIVIL
999
_c
1490
_d
1490